| 000 | 01178nam a22003617a 4500 | ||
|---|---|---|---|
| 003 | CHAP | ||
| 005 | 20220817044353.0 | ||
| 008 | 100906s2010 it a rn 00010 eng d | ||
| 010 | _a99197 | ||
| 011 | _a100169 | ||
| 020 | _a9789251063910 | ||
| 035 | _a110855 | ||
| 040 | _cCHAP | ||
| 082 | 0 | 4 |
_a636.08 _bF21yDir. v.3 |
| 110 | 2 | _aFAO | |
| 245 | 1 | 0 |
_aBreeding strategies for sustainable management of animal genetic resources _c/by FAO |
| 260 |
_aRome : _bFAO, _c2010 |
||
| 300 | _av, 70 p. | ||
| 490 | 0 |
_aFAO. Producción y sanidad animal. Directrices _v; 3 |
|
| 590 |
_aBATCH-UPD _b10 _c20130110 _lUCH01 _h1113 |
||
| 590 |
_aBATCH-UPD _b10 _c20130410 _lUCH01 _h0704 |
||
| 590 |
_aBATCH-UPD _b10 _c20130914 _lUCH01 _h1200 |
||
| 590 |
_aCONVERSION _b10 _c20130109 _lUCH01 _h1355 |
||
| 650 | 1 | 4 |
_aAnimales domesticos _xMejoramiento. _95909 |
| 650 | 1 | 4 | _aDesarrollo sustentable. |
| 650 | 1 | 4 | _aGenética animal. |
| 650 | 1 | 4 |
_aRazas. _994877 |
| 650 | 1 | 4 |
_aRecursos genéticos. _995078 |
| 830 | 0 |
_aFAO. Producción y sanidad animal. Directrices _v; 3 _939658 |
|
| 901 | _aBK | ||
| 942 | _cLIBRO | ||
| 949 |
_a636.08 F21yDir. v.3 _bBC _cFAO _d33724002217066 _eFAO1 _h113369 _i110855 _sb |
||
| 999 |
_c99197 _d99197 |
||